000
00267nam a22001217a 4500
008
170530b xxu||||| |||| 00| 0 eng d
041
_a
eng
080
_a
94
100
_a
17
101
_a
SHH
245
_a
THE LAST DAYS OF HITLER
_c
ROPER.H.R.T
942
_2
udc
_c
BK
999
_c
15093
_d
15093